[Event "DEM U18 2023"]
[Site "Willingen GER"]
[Date "2023.05.29"]
[Round "3"]
[White "Chitsazian, Daniel"]
[Black "Pikalow, Michael"]
[Result "0-1"]
[Termination "normal"]
[Board "12"]
[WhiteElo "1900"]
[BlackElo "2147"]
[WhiteClock "00:00:32"]
[BlackClock "00:13:27"]
[PlyCount "76"]
[WhiteFideId "34607560"]
[BlackFideId "16227638"]
[EventCountry "GER"]
[EventRounds "9"]
[EventType "swiss"]
[EventDate "2023.05.27"]

1. e4 {[%clk 01:30:55]} {[%emt 00:00:04]} c5 {[%clk 01:30:29]} {[%emt
00:00:52]} 2. Nf3 {[%clk 01:31:12]} {[%emt 00:00:16]} a6 {[%clk 01:29:52]}
{[%emt 00:00:43]} 3. c4 {[%clk 01:30:49]} {[%emt 00:00:50]} b6 {[%clk
01:27:48]} {[%emt 00:02:35]} 4. d4 {[%clk 01:31:11]} {[%emt 00:00:07]} cxd4
{[%clk 01:28:14]} {[%emt 00:00:05]} 5. Nxd4 {[%clk 01:31:39]} {[%emt 00:00:02]}
Bb7 {[%clk 01:28:39]} {[%emt 00:00:06]} 6. Nc3 {[%clk 01:32:06]} {[%emt
00:00:02]} d6 {[%clk 01:27:49]} {[%emt 00:01:20]} 7. Be3 {[%clk 01:32:23]}
{[%emt 00:00:13]} Nf6 {[%clk 01:28:03]} {[%emt 00:00:16]} 8. f3 {[%clk
01:32:49]} {[%emt 00:00:04]} e6 {[%clk 01:27:54]} {[%emt 00:00:39]} 9. Be2
{[%clk 01:33:16]} {[%emt 00:00:03]} Be7 {[%clk 01:28:15]} {[%emt 00:00:09]} 10.
O-O {[%clk 01:33:26]} {[%emt 00:00:19]} Nbd7 {[%clk 01:28:38]} {[%emt
00:00:07]} 11. Qd2 {[%clk 01:31:43]} {[%emt 00:02:16]} Rc8 {[%clk 01:29:02]}
{[%emt 00:00:03]} 12. Rac1 {[%clk 01:30:26]} {[%emt 00:01:48]} Qc7 {[%clk
01:29:26]} {[%emt 00:00:05]} 13. a3 {[%clk 01:21:36]} {[%emt 00:09:20]} Qb8
{[%clk 01:28:39]} {[%emt 00:01:16]} 14. b4 {[%clk 01:19:15]} {[%emt 00:02:52]}
O-O {[%clk 01:24:53]} {[%emt 00:04:16]} 15. Nb3 {[%clk 01:11:02]} {[%emt
00:08:45]} Bd8 {[%clk 01:22:56]} {[%emt 00:02:26]} 16. Kh1 {[%clk 01:10:59]}
{[%emt 00:00:32]} Bc7 {[%clk 01:21:50]} {[%emt 00:01:36]} 17. Bg1 {[%clk
01:11:25]} {[%emt 00:00:05]} Kh8 {[%clk 01:17:14]} {[%emt 00:05:07]} 18. Nd4
{[%clk 00:42:44]} {[%emt 00:29:10]} Rg8 {[%clk 01:15:20]} {[%emt 00:02:24]} 19.
Rb1 {[%clk 00:36:41]} {[%emt 00:06:32]} Qa8 {[%clk 01:01:14]} {[%emt 00:14:36]}
20. Be3 {[%clk 00:27:19]} {[%emt 00:09:53]} h6 {[%clk 00:46:59]} {[%emt
00:14:44]} 21. b5 {[%clk 00:19:03]} {[%emt 00:08:48]} a5 {[%clk 00:45:58]}
{[%emt 00:01:30]} 22. Rfd1 {[%clk 00:15:07]} {[%emt 00:04:25]} g5 {[%clk
00:38:30]} {[%emt 00:07:58]} 23. Nc6 {[%clk 00:15:16]} {[%emt 00:00:22]} Rg7
{[%clk 00:26:37]} {[%emt 00:12:26]} 24. h4 {[%clk 00:11:50]} {[%emt 00:03:52]}
gxh4 {[%clk 00:23:07]} {[%emt 00:04:00]} 25. Bxh6 {[%clk 00:10:43]} {[%emt
00:01:37]} Rh7 {[%clk 00:21:38]} {[%emt 00:02:01]} 26. e5 {[%clk 00:09:51]}
{[%emt 00:01:23]} Nxe5 {[%clk 00:20:10]} {[%emt 00:01:56]} 27. Nxe5 dxe5 {[%clk
00:20:39]} 28. Qg5 {[%clk 00:02:57]} {[%emt 00:06:42]} Ng8 {[%clk 00:20:07]}
{[%emt 00:01:01]} 29. Rd7 {[%clk 00:03:18]} {[%emt 00:00:10]} Bd8 {[%clk
00:18:02]} {[%emt 00:02:34]} 30. Qh5 {[%clk 00:01:23]} {[%emt 00:02:26]} Rxh6
{[%clk 00:12:37]} {[%emt 00:05:57]} 31. Qxf7 {[%clk 00:01:21]} {[%emt
00:00:31]} Be7 {[%clk 00:13:02]} {[%emt 00:00:05]} 32. Rxe7 {[%clk 00:00:58]}
{[%emt 00:00:52]} Nxe7 {[%clk 00:13:31]} {[%emt 00:00:02]} 33. Qxe7 {[%clk
00:01:27]} {[%emt 00:00:01]} Rg8 {[%clk 00:13:40]} {[%emt 00:00:22]} 34. Rd1
{[%clk 00:00:41]} {[%emt 00:01:16]} h3 {[%clk 00:13:49]} {[%emt 00:00:20]} 35.
Kg1 {[%clk 00:00:32]} {[%emt 00:00:40]} Bxf3 {[%clk 00:12:48]} {[%emt
00:01:30]} 36. Nd5 {[%clk 00:00:31]} {[%emt 00:00:32]} Rxg2+ {[%clk 00:12:50]}
{[%emt 00:00:28]} 37. Kf1 {[%clk 00:00:47]} {[%emt 00:00:13]} h2 {[%clk
00:13:02]} {[%emt 00:00:17]} 38. Ke1 {[%clk 00:00:32]} {[%emt 00:00:48]} Rxe2+
{[%clk 00:13:27]} {[%emt 00:00:03]} 0-1

[Event "DEM U18 2023"]
[Site "Willingen GER"]
[Date "2023.05.29"]
[Round "3"]
[White "Müller, Magnus"]
[Black "Neugirg, Mika"]
[Result "1-0"]
[Termination "normal"]
[Board "13"]
[WhiteElo "2210"]
[BlackElo "1781"]
[WhiteClock "00:47:22"]
[BlackClock "00:16:07"]
[PlyCount "45"]
[WhiteFideId "16230060"]
[BlackFideId "34619160"]
[EventCountry "GER"]
[EventRounds "9"]
[EventType "swiss"]
[EventDate "2023.05.27"]

1. e4 {[%clk 01:30:31]} {[%emt 00:00:45]} c6 {[%clk 01:30:55]} {[%emt
00:00:08]} 2. d4 {[%clk 01:30:07]} {[%emt 00:00:48]} d5 {[%clk 01:31:17]}
{[%emt 00:00:07]} 3. e5 {[%clk 01:30:31]} {[%emt 00:00:04]} c5 {[%clk
01:31:05]} {[%emt 00:00:30]} 4. c3 {[%clk 01:29:52]} {[%emt 00:01:09]} Nc6
{[%clk 01:30:38]} {[%emt 00:00:57]} 5. Be2 {[%clk 01:30:08]} {[%emt 00:00:15]}
Bf5 {[%clk 01:30:03]} {[%emt 00:01:04]} 6. Nf3 {[%clk 01:30:27]} {[%emt
00:00:11]} e6 {[%clk 01:30:03]} {[%emt 00:00:30]} 7. O-O {[%clk 01:30:50]}
{[%emt 00:00:07]} cxd4 {[%clk 01:28:13]} {[%emt 00:02:20]} 8. Nxd4 {[%clk
01:29:39]} {[%emt 00:01:41]} Nxd4 {[%clk 01:19:15]} {[%emt 00:09:27]} 9. cxd4
{[%clk 01:29:59]} {[%emt 00:00:11]} a6 {[%clk 01:15:48]} {[%emt 00:03:58]} 10.
Nc3 {[%clk 01:29:48]} {[%emt 00:00:40]} Ne7 {[%clk 01:15:44]} {[%emt 00:00:33]}
11. Bg5 {[%clk 01:26:45]} {[%emt 00:03:33]} Qb6 {[%clk 01:10:59]} {[%emt
00:05:15]} 12. Na4 {[%clk 01:26:03]} {[%emt 00:01:12]} Qa7 {[%clk 01:07:32]}
{[%emt 00:03:58]} 13. Rc1 {[%clk 01:26:09]} {[%emt 00:00:24]} Nc6 {[%clk
01:06:34]} {[%emt 00:01:27]} 14. Be3 {[%clk 01:25:37]} {[%emt 00:01:02]} Be7
{[%clk 00:59:53]} {[%emt 00:07:10]} 15. g4 {[%clk 01:23:01]} {[%emt 00:03:07]}
Bg6 {[%clk 00:55:53]} {[%emt 00:04:30]} 16. f4 {[%clk 01:23:13]} {[%emt
00:00:19]} Be4 {[%clk 00:51:04]} {[%emt 00:05:19]} 17. a3 {[%clk 01:20:38]}
{[%emt 00:03:06]} g6 {[%clk 00:45:49]} {[%emt 00:05:44]} 18. Nc3 {[%clk
01:19:06]} {[%emt 00:02:02]} Rd8 {[%clk 00:43:11]} {[%emt 00:03:07]} 19. Qb3
{[%clk 01:13:16]} {[%emt 00:06:20]} Qa8 {[%clk 00:34:39]} {[%emt 00:09:02]} 20.
Nxe4 {[%clk 01:01:13]} {[%emt 00:12:33]} dxe4 {[%clk 00:34:49]} {[%emt
00:00:20]} 21. f5 {[%clk 00:52:14]} {[%emt 00:09:29]} Qc8 {[%clk 00:19:04]}
{[%emt 00:16:14]} 22. Bc4 {[%clk 00:47:58]} {[%emt 00:04:46]} b5 {[%clk
00:16:07]} {[%emt 00:03:28]} 23. Bxb5 {[%clk 00:47:22]} {[%emt 00:01:05]} 1-0

[Event "DEM U18 2023"]
[Site "Willingen GER"]
[Date "2023.05.29"]
[Round "3"]
[White "Wurmbauer, Nils"]
[Black "Plaumann, Arvin"]
[Result "1-0"]
[Termination "normal"]
[Board "14"]
[WhiteElo "1995"]
[BlackElo "1786"]
[WhiteClock "00:47:37"]
[BlackClock "00:50:37"]
[PlyCount "49"]
[WhiteFideId "16253337"]
[BlackFideId "16272927"]
[EventCountry "GER"]
[EventRounds "9"]
[EventType "swiss"]
[EventDate "2023.05.27"]

1. e4 {[%clk 01:30:58]} {[%emt 00:00:02]} e5 {[%clk 01:30:55]} {[%emt
00:00:08]} 2. Nf3 {[%clk 01:31:25]} {[%emt 00:00:05]} Nc6 {[%clk 01:31:21]}
{[%emt 00:00:06]} 3. Bc4 {[%clk 01:31:51]} {[%emt 00:00:07]} Bc5 {[%clk
01:31:46]} {[%emt 00:00:08]} 4. O-O {[%clk 01:32:03]} {[%emt 00:00:25]} Nf6
{[%clk 01:31:56]} {[%emt 00:00:21]} 5. d3 {[%clk 01:32:17]} {[%emt 00:00:12]}
O-O {[%clk 01:32:15]} {[%emt 00:00:08]} 6. Re1 {[%clk 01:32:00]} {[%emt
00:00:32]} d5 {[%clk 01:30:55]} {[%emt 00:01:50]} 7. exd5 {[%clk 01:31:04]}
{[%emt 00:01:26]} Nxd5 {[%clk 01:31:20]} {[%emt 00:00:06]} 8. Nxe5 {[%clk
01:23:09]} {[%emt 00:08:25]} Bxf2+ {[%clk 01:21:52]} {[%emt 00:09:58]} 9. Kxf2
{[%clk 01:23:00]} {[%emt 00:00:38]} Nxe5 {[%clk 01:22:11]} {[%emt 00:00:11]}
10. Rxe5 {[%clk 01:23:07]} {[%emt 00:00:24]} Qf6+ {[%clk 01:22:36]} {[%emt
00:00:04]} 11. Qf3 {[%clk 01:23:27]} {[%emt 00:00:10]} Qxe5 {[%clk 01:23:01]}
{[%emt 00:00:06]} 12. Bxd5 {[%clk 01:20:31]} {[%emt 00:03:25]} c6 {[%clk
01:22:54]} {[%emt 00:00:38]} 13. Bb3 {[%clk 01:19:38]} {[%emt 00:01:24]} Qxh2
{[%clk 01:19:24]} {[%emt 00:03:58]} 14. Bf4 {[%clk 01:09:09]} {[%emt 00:11:00]}
Qh4+ {[%clk 01:19:30]} {[%emt 00:00:23]} 15. Qg3 {[%clk 01:04:40]} {[%emt
00:05:00]} Qf6 {[%clk 01:19:44]} {[%emt 00:00:16]} 16. Nc3 {[%clk 01:02:44]}
{[%emt 00:02:26]} Qg6 {[%clk 01:06:52]} {[%emt 00:13:22]} 17. Qxg6 {[%clk
00:58:38]} {[%emt 00:04:36]} hxg6 {[%clk 01:07:15]} {[%emt 00:00:06]} 18. Ne4
{[%clk 00:58:04]} {[%emt 00:01:05]} Be6 {[%clk 00:54:20]} {[%emt 00:13:25]} 19.
Bxe6 {[%clk 00:55:45]} {[%emt 00:02:49]} fxe6 {[%clk 00:54:45]} {[%emt
00:00:05]} 20. Ke3 {[%clk 00:55:32]} {[%emt 00:00:43]} Rf7 {[%clk 00:51:51]}
{[%emt 00:03:24]} 21. Nd6 {[%clk 00:50:44]} {[%emt 00:05:18]} Rd7 {[%clk
00:52:12]} {[%emt 00:00:09]} 22. Nc4 {[%clk 00:49:51]} {[%emt 00:01:23]} Rf8
{[%clk 00:50:04]} {[%emt 00:02:36]} 23. Ne5 {[%clk 00:49:02]} {[%emt 00:01:21]}
Rd5 {[%clk 00:50:14]} {[%emt 00:00:20]} 24. Nxg6 {[%clk 00:48:28]} {[%emt
00:01:05]} Rf7 {[%clk 00:50:37]} {[%emt 00:00:07]} 25. Rh1 {[%clk 00:47:37]}
{[%emt 00:01:20]} 1-0

[Event "DEM U18 2023"]
[Site "Willingen GER"]
[Date "2023.05.30"]
[Round "4"]
[White "Bilovil, Bogdan"]
[Black "Pubantz, Jan"]
[Result "1-0"]
[Termination "normal"]
[Board "1"]
[WhiteTitle "FM"]
[WhiteElo "2348"]
[BlackElo "2332"]
[WhiteClock "00:36:48"]
[BlackClock "00:18:27"]
[PlyCount "85"]
[WhiteFideId "14168766"]
[BlackFideId "12996114"]
[EventCountry "GER"]
[EventRounds "9"]
[EventType "swiss"]
[EventDate "2023.05.27"]

1. d4 {[%clk 01:30:55]} {[%emt 00:00:05]} d5 {[%clk 01:30:52]} {[%emt
00:00:11]} 2. c4 {[%clk 01:31:17]} {[%emt 00:00:05]} c6 {[%clk 01:31:18]}
{[%emt 00:00:06]} 3. cxd5 {[%clk 01:31:21]} {[%emt 00:00:25]} cxd5 {[%clk
01:31:41]} {[%emt 00:00:12]} 4. Nc3 {[%clk 01:31:41]} {[%emt 00:00:05]} Nf6
{[%clk 01:31:33]} {[%emt 00:00:58]} 5. Bf4 {[%clk 01:31:41]} {[%emt 00:00:11]}
Nc6 {[%clk 01:31:18]} {[%emt 00:00:49]} 6. e3 {[%clk 01:31:20]} {[%emt
00:00:48]} Bf5 {[%clk 01:29:24]} {[%emt 00:02:27]} 7. Qb3 {[%clk 01:30:46]}
{[%emt 00:01:01]} Na5 {[%clk 01:29:10]} {[%emt 00:00:57]} 8. Qa4+ {[%clk
01:30:53]} {[%emt 00:00:11]} Bd7 {[%clk 01:29:25]} {[%emt 00:00:13]} 9. Qc2
{[%clk 01:31:08]} {[%emt 00:00:15]} e6 {[%clk 01:22:39]} {[%emt 00:07:16]} 10.
Bd3 {[%clk 01:31:11]} {[%emt 00:00:27]} Bb4 {[%clk 01:21:17]} {[%emt 00:01:52]}
11. Nf3 {[%clk 01:30:03]} {[%emt 00:01:38]} Rc8 {[%clk 01:20:27]} {[%emt
00:01:21]} 12. O-O {[%clk 01:29:01]} {[%emt 00:01:31]} Nh5 {[%clk 01:20:15]}
{[%emt 00:00:42]} 13. Be5 {[%clk 01:25:40]} {[%emt 00:03:55]} f6 {[%clk
01:18:03]} {[%emt 00:02:39]} 14. Bg3 {[%clk 01:18:47]} {[%emt 00:07:23]} Nxg3
{[%clk 01:15:06]} {[%emt 00:03:30]} 15. hxg3 {[%clk 01:17:17]} {[%emt
00:01:57]} Nc4 {[%clk 01:10:15]} {[%emt 00:05:21]} 16. Rac1 {[%clk 01:06:48]}
{[%emt 00:10:59]} Qa5 {[%clk 00:50:51]} {[%emt 00:19:54]} 17. e4 {[%clk
00:56:44]} {[%emt 00:10:35]} Nxb2 {[%clk 00:39:16]} {[%emt 00:12:05]} 18. Qxb2
{[%clk 00:56:53]} {[%emt 00:00:21]} Bxc3 {[%clk 00:38:20]} {[%emt 00:01:27]}
19. Qxb7 {[%clk 00:56:56]} {[%emt 00:00:25]} Qb6 {[%clk 00:36:20]} {[%emt
00:02:32]} 20. Rb1 {[%clk 00:31:07]} {[%emt 00:26:17]} Qxb7 {[%clk 00:33:25]}
{[%emt 00:03:25]} 21. Rxb7 {[%clk 00:31:05]} {[%emt 00:00:32]} Bc6 {[%clk
00:24:51]} {[%emt 00:09:04]} 22. Rxg7 {[%clk 00:30:59]} {[%emt 00:00:36]} dxe4
{[%clk 00:21:18]} {[%emt 00:04:03]} 23. Ba6 {[%clk 00:31:05]} {[%emt 00:00:26]}
Kf8 {[%clk 00:17:13]} {[%emt 00:04:33]} 24. Rxa7 {[%clk 00:30:16]} {[%emt
00:01:20]} Ra8 {[%clk 00:14:20]} {[%emt 00:03:21]} 25. Rxa8+ {[%clk 00:29:38]}
{[%emt 00:01:09]} Bxa8 {[%clk 00:14:48]} 26. Rc1 {[%clk 00:29:25]} {[%emt
00:00:45]} Ba5 {[%clk 00:11:17]} {[%emt 00:03:58]} 27. Rc5 {[%clk 00:26:14]}
{[%emt 00:03:47]} exf3 {[%clk 00:06:30]} {[%emt 00:05:13]} 28. Rxa5 {[%clk
00:26:31]} {[%emt 00:00:14]} Ke7 {[%clk 00:05:52]} {[%emt 00:01:06]} 29. Bf1
{[%clk 00:23:46]} {[%emt 00:03:15]} h5 {[%clk 00:00:39]} {[%emt 00:05:43]} 30.
Ra7+ {[%clk 00:13:57]} {[%emt 00:10:18]} Kd6 {[%clk 00:00:35]} {[%emt
00:00:34]} 31. Ra6+ {[%clk 00:14:21]} {[%emt 00:00:06]} Ke7 {[%clk 00:00:33]}
{[%emt 00:00:32]} 32. Bc4 {[%clk 00:14:27]} {[%emt 00:00:25]} e5 {[%clk
00:00:35]} {[%emt 00:00:29]} 33. Re6+ {[%clk 00:11:49]} {[%emt 00:03:07]} Kd7
{[%clk 00:00:41]} {[%emt 00:00:24]} 34. d5 {[%clk 00:12:19]} fxg2 {[%clk
00:00:33]} {[%emt 00:00:39]} 35. Bb5+ {[%clk 00:11:49]} {[%emt 00:00:59]} Kc8
{[%clk 00:00:35]} {[%emt 00:00:27]} 36. d6 {[%clk 00:11:41]} {[%emt 00:00:38]}
Rd8 {[%clk 00:00:39]} {[%emt 00:00:25]} 37. Rxf6 {[%clk 00:09:47]} {[%emt
00:02:25]} Bd5 {[%clk 00:01:01]} {[%emt 00:00:08]} 38. a4 {[%clk 00:08:25]}
{[%emt 00:01:53]} Rh8 {[%clk 00:00:34]} {[%emt 00:01:00]} 39. d7+ {[%clk
00:07:49]} {[%emt 00:01:03]} Kc7 {[%clk 00:00:36]} {[%emt 00:00:28]} 40. f3
{[%clk 00:07:06]} {[%emt 00:01:12]} e4 {[%clk 00:00:36]} {[%emt 00:00:30]} 41.
fxe4 {[%clk 00:06:25]} {[%emt 00:01:11]} Bxe4 {[%clk 00:00:36]} {[%emt
00:00:30]} 42. Re6 {[%clk 00:06:54]} {[%emt 00:00:02]} h4 {[%clk 00:18:27]}
{[%emt 00:12:39]} 43. Re8 {[%clk 00:36:48]} {[%emt 00:00:35]} 1-0

[Event "DEM U18 2023"]
[Site "Willingen GER"]
[Date "2023.05.30"]
[Round "4"]
[White "Chassard, Cedric"]
[Black "Colbow, Collin"]
[Result "1/2-1/2"]
[Termination "normal"]
[Board "2"]
[BlackTitle "FM"]
[WhiteElo "2041"]
[BlackElo "2408"]
[WhiteClock "00:31:26"]
[BlackClock "00:01:36"]
[PlyCount "71"]
[WhiteFideId "16243536"]
[BlackFideId "16201132"]
[EventCountry "GER"]
[EventRounds "9"]
[EventType "swiss"]
[EventDate "2023.05.27"]

1. e4 {[%clk 01:30:57]} {[%emt 00:00:03]} c5 {[%clk 01:30:44]} {[%emt
00:00:16]} 2. Nf3 {[%clk 01:31:22]} {[%emt 00:00:04]} e6 {[%clk 01:31:03]}
{[%emt 00:00:12]} 3. g3 {[%clk 01:31:45]} {[%emt 00:00:05]} Nc6 {[%clk
01:31:29]} {[%emt 00:00:05]} 4. Bg2 {[%clk 01:32:10]} {[%emt 00:00:04]} Nf6
{[%clk 01:31:54]} {[%emt 00:00:06]} 5. Qe2 {[%clk 01:32:36]} {[%emt 00:00:04]}
e5 {[%clk 01:32:18]} {[%emt 00:00:06]} 6. O-O {[%clk 01:32:59]} {[%emt
00:00:07]} Be7 {[%clk 01:32:42]} {[%emt 00:00:07]} 7. Nc3 {[%clk 01:33:15]}
{[%emt 00:00:16]} d6 {[%clk 01:30:36]} {[%emt 00:02:34]} 8. Nd5 {[%clk
01:31:27]} {[%emt 00:02:20]} Be6 {[%clk 01:30:07]} {[%emt 00:00:59]} 9. Ng5
{[%clk 01:31:49]} {[%emt 00:00:10]} Bd7 {[%clk 01:14:04]} {[%emt 00:16:33]} 10.
c3 {[%clk 01:32:01]} {[%emt 00:00:14]} Nxd5 {[%clk 01:02:02]} {[%emt 00:12:31]}
11. exd5 {[%clk 01:29:38]} {[%emt 00:02:54]} Bxg5 {[%clk 00:58:38]} {[%emt
00:03:53]} 12. dxc6 {[%clk 01:29:35]} {[%emt 00:00:32]} Bxc6 {[%clk 00:54:03]}
{[%emt 00:05:05]} 13. Bxc6+ {[%clk 01:29:36]} {[%emt 00:00:30]} bxc6 {[%clk
00:54:31]} 14. d4 {[%clk 01:29:57]} {[%emt 00:00:09]} cxd4 {[%clk 00:51:08]}
{[%emt 00:03:53]} 15. cxd4 {[%clk 01:30:03]} {[%emt 00:00:25]} Bf6 {[%clk
00:48:54]} {[%emt 00:02:44]} 16. dxe5 {[%clk 01:23:30]} {[%emt 00:07:03]} dxe5
{[%clk 00:48:48]} {[%emt 00:00:36]} 17. Be3 {[%clk 01:21:27]} {[%emt 00:02:33]}
O-O {[%clk 00:47:49]} {[%emt 00:01:29]} 18. Rac1 {[%clk 01:21:47]} {[%emt
00:00:10]} Qc7 {[%clk 00:40:02]} {[%emt 00:08:16]} 19. Qa6 {[%clk 01:21:12]}
{[%emt 00:01:06]} Rfc8 {[%clk 00:25:58]} {[%emt 00:14:34]} 20. Rc4 {[%clk
01:19:31]} {[%emt 00:02:11]} Be7 {[%clk 00:15:17]} {[%emt 00:11:11]} 21. b4
{[%clk 01:00:28]} {[%emt 00:19:33]} c5 {[%clk 00:13:11]} {[%emt 00:02:36]} 22.
Bxc5 {[%clk 00:57:51]} {[%emt 00:03:07]} Qc6 {[%clk 00:13:27]} {[%emt
00:00:14]} 23. Qxc6 {[%clk 00:57:06]} {[%emt 00:01:15]} Rxc6 {[%clk 00:13:56]}
24. Rd1 {[%clk 00:44:31]} {[%emt 00:13:05]} a5 {[%clk 00:11:55]} {[%emt
00:02:32]} 25. Rd7 {[%clk 00:42:32]} {[%emt 00:02:28]} Bf8 {[%clk 00:11:20]}
{[%emt 00:01:05]} 26. a3 {[%clk 00:42:36]} {[%emt 00:00:26]} axb4 {[%clk
00:06:41]} {[%emt 00:05:13]} 27. axb4 {[%clk 00:42:54]} {[%emt 00:00:08]} Rac8
{[%clk 00:06:32]} {[%emt 00:00:39]} 28. f4 {[%clk 00:40:45]} {[%emt 00:02:40]}
Bxc5+ {[%clk 00:02:06]} {[%emt 00:04:54]} 29. bxc5 {[%clk 00:40:59]} {[%emt
00:00:17]} exf4 {[%clk 00:02:26]} {[%emt 00:00:09]} 30. Rxf4 {[%clk 00:41:17]}
{[%emt 00:00:12]} f6 {[%clk 00:00:42]} {[%emt 00:02:19]} 31. Rg4 {[%clk
00:40:54]} {[%emt 00:00:51]} g5 {[%clk 00:00:51]} {[%emt 00:00:20]} 32. Re4
{[%clk 00:39:33]} {[%emt 00:01:49]} R6c7 {[%clk 00:00:47]} {[%emt 00:00:35]}
33. Re8+ {[%clk 00:34:17]} {[%emt 00:05:49]} Rxe8 {[%clk 00:01:14]} 34. Rxc7
{[%clk 00:34:46]} {[%emt 00:00:01]} Re2 {[%clk 00:01:09]} {[%emt 00:00:35]} 35.
c6 {[%clk 00:33:16]} {[%emt 00:02:01]} Rc2 {[%clk 00:01:36]} {[%emt 00:00:01]}
36. h4 {[%clk 00:31:26]} {[%emt 00:02:20]} 1/2-1/2